Artyści muzyczni po ich najpopularniejszych utworach - Statystyki

Ogólne statystyki
  • Ten quiz został rozwiązany 437 razy
  • Średni wynik to 18 z 31
Statystyki odpowiedzi
Tytuł piosenki Artysta % Poprawnych
Shape of You Ed Sheeran
91%
Roar Katy Perry
90%
Diamonds Rihanna
88%
Shake It Off Taylor Swift
87%
Bad Romance Lady Gaga
86%
GANGNAM STYLE PSY
81%
Hello Adele
80%
Sorry Justin Bieber
78%
The Lazy Song Bruno Mars
77%
Faded Alan Walker
72%
New Rules Dua Lipa
65%
Despacito Luis Fonsi
64%
What Makes You Beautiful One Direction
64%
Sugar Maroon 5
63%
Counting Stars OneRepublic
63%
Wake Me Up Avicii
62%
Anaconda Nicki Minaj
60%
Side To Side Ariana Grande
59%
On The Floor Jennifer Lopez
55%
We Don't Talk Anymore Charlie Puth
53%
Love The Way You Lie Eminem
50%
See You Again Wiz Khalifa
50%
Numb Linkin Park
47%
Chantaje Shakira
44%
Uptown Funk Mark Ronson
28%
DDU-DU-DDU-DU BLACKPINK
26%
Lean On Major Lazer
26%
DNA BTS
25%
Alone Marshmello
10%
TT TWICE
8%
Dance Monkey Tones And I
1%
Nie znaleziono quizów pasujących do podanych kryteriów
Rozkład punktacji
Procent ludzi z każdym wynikiem
Percentyl według liczby udzielonych odpowiedzi
Twoja historia wyników
Nie rozwiązałeś tego quizu